<?xml version="1.0" encoding="UTF-8"?>
<marc:record xmlns:marc="http://www.loc.gov/MARC21/slim">
   <marc:leader>00000nam a2200000 a 4500</marc:leader>
   <marc:datafield ind1="1" ind2=" " tag="100">
      <marc:subfield code="a">Seiler, Christian</marc:subfield>
      <marc:subfield code="4">aut</marc:subfield>
      <marc:subfield code="e">Verfasser/-in</marc:subfield>
   </marc:datafield>
   <marc:datafield ind1=" " ind2=" " tag="653">
      <marc:subfield code="a">Heller</marc:subfield>
   </marc:datafield>
   <marc:datafield ind1=" " ind2=" " tag="653">
      <marc:subfield code="a">Andre</marc:subfield>
   </marc:datafield>
   <marc:datafield ind1=" " ind2=" " tag="653">
      <marc:subfield code="a">Biografie</marc:subfield>
   </marc:datafield>
   <marc:datafield ind1=" " ind2=" " tag="653">
      <marc:subfield code="a">Kunst</marc:subfield>
   </marc:datafield>
   <marc:datafield ind1="0" ind2="0" tag="245">
      <marc:subfield code="a">André Heller. Feuerkopf</marc:subfield>
   </marc:datafield>
   <marc:datafield ind1="0" ind2="0" tag="245">
      <marc:subfield code="b">die Biografie</marc:subfield>
   </marc:datafield>
   <marc:datafield ind1="0" ind2="0" tag="245">
      <marc:subfield code="c">Christian Seiler</marc:subfield>
   </marc:datafield>
   <marc:datafield ind1=" " ind2="1" tag="264">
      <marc:subfield code="a">München</marc:subfield>
      <marc:subfield code="b">C.Bertelsmann</marc:subfield>
      <marc:subfield code="c">2012</marc:subfield>
   </marc:datafield>
   <marc:datafield ind1="1" ind2=" " tag="520">
      <marc:subfield code="a">Angaben aus der Verlagsmeldung. André Heller : Die Biografie / von Christian Seiler. »Wer André Hellers Spuren folgt, sieht einem universellen Gesamtkunstwerk beimWachsen zu.« Christian Seiler André Heller ist seit Jahrzehnten der Tausendsassa des internationalen Kulturbetriebs, dem es wie keinem anderen gelingt, künstlerischen Anspruch und Publikumswirksamkeit zu verbinden. Mit seinem Namen sind einzigartige Theater-, Musik- und Artistikinszenierungen verknüpft, die Welterfolge wurden: Ob »Circus Roncalli«, »Begnadete Körper« oder »Afrika! Afrika!«, ob die Bewerbung Deutschlands für die Fußballweltmeisterschaft 2006 unter dem Slogan »Die Welt zu Gast bei Freunden« &#x96; Heller schöpft aus dem Fundus der Weltkulturen, zeigt nie Gesehenes, bringt ohne Berührungsängste bislang stets Getrenntes zusammen. Dabei hat er immer auch politisch Position bezogen und sich nie gescheut zu polarisieren. Anlässlich seines 65. Geburtstags zeichnet Christian Seiler, der den unermüdlichen Visionär seit zwei Jahrzehnten gut kennt, in seiner autorisierten Biografie mit vielen unveröffentlichten Dokumenten und Bildern ein außerordentlich buntes Leben als Gesamtkunstwerk nach. Reich bebildert mit vielen bislang unveröffentlichten Fotos und Dokumenten.</marc:subfield>
   </marc:datafield>
   <marc:datafield ind1=" " ind2=" " tag="020">
      <marc:subfield code="a">9783570100639</marc:subfield>
      <marc:subfield code="9">9783570100639</marc:subfield>
   </marc:datafield>
   <marc:datafield ind1=" " ind2=" " tag="020">
      <marc:subfield code="a">ISBN 9783570100639 ? 24,99</marc:subfield>
      <marc:subfield code="9">ISBN 9783570100639 ? 24,99</marc:subfield>
   </marc:datafield>
   <marc:datafield ind1=" " ind2=" " tag="041">
      <marc:subfield code="a">ger</marc:subfield>
   </marc:datafield>
   <marc:datafield ind1=" " ind2=" " tag="500">
      <marc:subfield code="a">Literaturangaben</marc:subfield>
   </marc:datafield>
   <marc:datafield ind1="0" ind2=" " tag="490">
      <marc:subfield code="v">0</marc:subfield>
   </marc:datafield>
   <marc:datafield ind1=" " ind2=" " tag="300">
      <marc:subfield code="a">447 S. Ill.</marc:subfield>
   </marc:datafield>
</marc:record>
